KOHA-Header-6

Take Care of Yourself The Complete Illustrated Guide to Medical Self-Care (Record no. 2900)

000 -LEADER
fixed length control field 00315nam a2200109Ia 4500
008 - FIXED-LENGTH DATA ELEMENTS--GENERAL INFORMATION
fixed length control field 190902s9999||||xx |||||||||||||| ||und||
100 ## - MAIN ENTRY--PERSONAL NAME
Personal name Donald M. Vickery,
245 #0 - TITLE STATEMENT
Title Take Care of Yourself The Complete Illustrated Guide to Medical Self-Care
260 ## - PUBLICATION, DISTRIBUTION, ETC. (IMPRINT)
Place of publication, distribution, etc London
Name of publisher, distributor, etc Prentice Hall
Date of publication, distribution, etc 1995
300 ## - PHYSICAL DESCRIPTION
Extent 380
942 ## - ADDED ENTRY ELEMENTS (KOHA)
Koha item type Books
Holdings
Withdrawn status Lost status Source of classification or shelving scheme Damaged status Not for loan Collection code Permanent Location Current Location Shelving location Date acquired Barcode Date last seen Price effective from Koha item type
          Psychology MAJU MAJU Shelf No.A35 2019-09-02 6569 2019-09-02 2019-09-02 Psychology

Powered by Koha